000 00695nam a2200217 i 4500
001 42750
003 ES-MaACL
005 20230906160655.0
007 t|
008 030313s1973 sp |||| | spa d
100 1 _aCerdán Tato, Enrique.
_937471
245 1 0 _aEsquema de la literatura soviética /
_cEnrique Cerdan Tato.
260 _a[Madrid] :
_bCastellote,
_c[1973]
300 _a149 p. ;
_c17 cm.
490 1 _aColección básica ;
_v15
650 4 _aLiteratura rusa-
_yS.XIX-
_xHistoria y crítica.
_9147982
650 0 4 _aLiteratura rusa-
_yS.XX-
_xHistoria y crítica.
_914665
830 0 _aColección básica ;
_v15
_9181955
852 _aES-MaACL
_jC-55776
999 _c42750
_d42750